Tilastot visalle Vanuatu-visa

Klikkaa tästä pelataksesi tätä visaa!

Yleistilastot

  • Tätä visaa on pelattu 154 kertaa
  • Keskiarvotulos 10 / 20

Vastaustilastot

VihjeVastaus% Oikein
Viralliset kieletEnglanti
97%
Viralliset kieletRanska
86%
PääkaupunkiPort Vila
72%
Oseanian alue, johon Vanuatu kuuluuMelanesia
69%
Tuote, joka kattaa 71 % viennistäKala
65%
Laplap on Vanuatun...Kansallis{ruoka}
56%
Brittiläinen kapteeni, joka antoi tuon nimen saarilleJames Cook
55%
Vanuatu myy tätä 150 000 dollarilla / kappaleKansalaisuus
55%
Ranskan merentakainen territorio, joka sijaitsee juuri Vanuatun lounaispuolellaUusi-Kaledonia
55%
Meri Australian ja Vanuatun välissäKorallimeri
51%
Vanuatun suurin saariEspiritu {Santo}
48%
Vanuatun nimi vuoteen 1980 astiUudet-{Hebridit}
47%
Kultti, jonka mukaan eurooppalaisten ja amerikkalaisten tuomat tavarat ovat yliluonnollista alkuperää olevia lahjoja{Lasti}kultti
41%
ValuuttaVatu
40%
Viralliset kieletBislama
38%
Toiseksi suurin kaupunki ja yllä olevan saaren suurin kaupunki{Lugan}ville
37%
Pippurikasvi, josta valmistetaan päihdyttävää juomaa (alkaa kirjaimella K)Kava
32%
Ensimmäinen saaret löytänyt eurooppalainenPedro Fernández de Quirós
30%
Saari, jolla yllä oleva sijaitseeEfate
29%
Vanuatun ainoa maailmanperintökohde{Roi Mata}n perintö
26%

Tulosjakauma

Persentiili vastausten määrän mukaan

Jokaisen tuloksen saaneiden osuus

Tuloshistoriasi

Et ole pelannut tätä visaa